| 000 | 00843nam a22002777a 4500 | ||
|---|---|---|---|
| 003 | CHAP | ||
| 005 | 20220329140652.0 | ||
| 008 | 971013s1915 r 00010 d | ||
| 010 | _a55725 | ||
| 011 | _a56697 | ||
| 035 | _a60850 | ||
| 040 | _cCHAP | ||
| 082 |
_a336.726 _bY8 |
||
| 100 |
_aYucatán. Leyes, decretos, etc. _9175438 |
||
| 245 | _aLey general de hacienda del estado de Yucatán. Decreto No. 390 | ||
| 260 |
_a(Mérida : _b(s.e.), _c(1915?) |
||
| 300 | _a13 p. | ||
| 590 |
_aBATCH-UPD _b10 _c20130110 _lUCH01 _h0614 |
||
| 590 |
_aBATCH-UPD _b10 _c20130410 _lUCH01 _h0257 |
||
| 590 |
_aBATCH-UPD _b10 _c20130914 _lUCH01 _h1409 |
||
| 590 |
_aCONVERSION _b10 _c20130109 _lUCH01 _h1330 |
||
| 650 | 1 | 4 |
_aFinanzas públicas _xYucatán. _940974 |
| 901 | _aBK | ||
| 942 | _cLIBRO | ||
| 949 |
_a336.726 Y8 _bBC _cBPP _d-130934 _eBPP _h84 _i60850 _si |
||
| 999 |
_c55725 _d55725 |
||